| 000 | 01173cam a2200349 i 4500 | ||
|---|---|---|---|
| 001 | 200464557 | ||
| 003 | TR-AnTOB | ||
| 005 | 20250613103122.0 | ||
| 007 | ta | ||
| 008 | 890427s1987 tu ab b 000 0 tur d | ||
| 040 |
_aEYM _beng _erda _cEYM _dTVG _dBGZ _dTR-AnTOB |
||
| 041 | 0 |
_atur _aeng |
|
| 043 | _aa-cy--- | ||
| 049 | _aBGZA | ||
| 050 |
_aDS54.5 _b.A43 1987 |
||
| 090 |
_aDS54.5 _b.A43 1987 |
||
| 100 |
_aAlasya, Halil Fikret, _d1912- _962457 _eauthor |
||
| 245 | 1 | 0 |
_aKuzey Kıbrıs Türk Cumhuriyeti tarihi / _cH. Fikret Alasya. |
| 264 | 1 |
_aAnkara : _bTürk Kültürünü Araştırma Enstitüsü, _c1987. |
|
| 300 |
_aviii, 219 pages : _billustrations, folded map ; _c20 cm. |
||
| 336 |
_atext _2rdacontent |
||
| 337 |
_aunmediated _2rdamedia |
||
| 338 |
_avolume _2rdacarrier |
||
| 490 | 1 | _aTürk Kültürünü Araştırma Enstitüsü yayınları: 71 Seri: III sayı: A. 18 | |
| 500 | _aSome documents in English. | ||
| 504 | _aBibliography: 203-219. | ||
| 650 | 0 |
_aTürkler _zKıbrıs _xTarih _933790 |
|
| 651 | 0 |
_aKıbrıs, Kuzey _xTarih _951330 |
|
| 651 | 0 |
_aKıbrıs _xSiyaset ve yönetim _y1960- _920071 |
|
| 942 |
_2lcc _cBK |
||
| 999 |
_c200464557 _d82769 |
||